Sports Quiz

Random Sports or Decade Quiz

NFL 'Big Threes' (2000s) Quiz Stats

Quiz Updated Jun 8, 2018

Challenge
Share
Tweet
Embed
Score 0/54 Timer 05:00
0 Plays Today
Year Big Three Players % Correct
2000Peyton Manning
95%
2004Peyton Manning
95%
2005Peyton Manning
95%
2005Eli Manning
93.7%
-----Marvin Harrison
86.6%
-----Marvin Harrison
86.6%
2001Kurt Warner
81.8%
-----Reggie Wayne
80.9%
-----Edgerrin James
80.8%
-----Edgerrin James
80.8%
-----Edgerrin James
80.8%
2009Brett Favre
79.2%
-----Adrian Peterson
76.2%
-----Marshall Faulk
75.8%
-----Randy Moss
74.6%
-----Torry Holt
73.5%
-----Torry Holt
73.5%
-----Tiki Barber
73%
-----Tiki Barber
73%
-----Chad Ochocinco
72.7%
-----Chad Ochocinco
72.7%
-----Rudi Johnson
70.8%
-----Rudi Johnson
70.8%
2005Carson Palmer
69.5%
2006Carson Palmer
69.5%
-----Steven Jackson
68.5%
-----Darrell Jackson
68%
Year Big Three Players % Correct
2000Daunte Culpepper
67%
-----Sidney Rice
65.9%
-----Robert Smith
64.1%
-----Shaun Alexander
64.1%
2003Matt Hasselbeck
63.3%
2006Marc Bulger
62.2%
-----Plaxico Burress
58.6%
2002Kerry Collins
53.8%
2008Aaron Rodgers
46.6%
-----Amani Toomer
45%
-----Terrell Owens
43.6%
-----Greg Jennings
40%
2001Jeff Garcia
36.1%
-----Ryan Grant
35.5%
-----Ricky Williams
29.1%
-----Jamal Lewis
27.9%
2007Derek Anderson
25.8%
2002Drew Bledsoe
24.2%
-----Garrison Hearst
22.2%
2001Aaron Brooks
21.6%
2002Aaron Brooks
21.6%
-----Braylon Edwards
21.4%
-----Joe Horn
20.8%
-----Joe Horn
20.8%
-----Deuce McAllister
19.9%
-----Eric Moulds
12.1%
-----Travis Henry
11.2%

You're not logged in!

Compare scores with friends on all Sporcle quizzes.
Join for Free
OR
Log In

You Might Also Like...

Show Comments

Extras

Top Quizzes Today


Score Distribution

Your Account Isn't Verified!

In order to create a playlist on Sporcle, you need to verify the email address you used during registration. Go to your Sporcle Settings to finish the process.

Report this User

Report this user for behavior that violates our Community Guidelines.

Details: